00693 a2200205 4500020001800000040000800018082001300026100002100039245004700060260005000107300001800157650002700175650001700202650002200219650003600241740003100277942002600308999001500334952013800349 a0-07-213078-4 aDLC a621.38271 aGoralski, Walter00aOptical networking & WDM cWalter Goralski aBerkeley, Ca. :bOsborne/McGraw-Hill,cc2001. axviii, 556 p. 7aBredbandskommunikation 7aFiber optics 7aComputer networks 7aBroadband communication systems0 aOptical networking and WDM cBKk621.3827 GOR2ddc c4652d4652 001040708NFICaCLbCLcGENd2002-06-26ePak Book Corporationg3553.22l0m3o621.3827 GORpSEECS002166r2022-02-10w2017-01-05yBK